[Event "Just a plain old chess game"]
[Site "http://www.queenalice.com/game.php?id=834786"]
[Date "2010.9.18"]
[Round "-"]
[White "zipperjones"]
[Black "prmntgen"]
[Result "0-1"]
[WhiteElo "1232"]
[BlackElo "1751"]

1. Nc3 d5 2. e4 dxe4 3. Nxe4 e5 4. Nf3 Nc6 5. d4 exd4 6. Bd3 Bg4 7. h3 Bh5 8. g4
Bg6 9. Bc4 Bxe4 10. Ng5 Ne5 11. Nxe4 Nxc4 12. Nd2 Nxd2 13. Bxd2 Nf6 14. f3 c5
15. Qe2+ Qe7 16. Qxe7+ Bxe7 17. g5 Nd5 18. c4 Nb6 19. b4 Nxc4 20. Bf4 cxb4 21.
Rc1 b5 22. O-O O-O 23. Rfe1 Rfe8 24. Re4 Rad8 25. Rce1 Kf8 26. h4 d3 27. Rd1
Bc5+ 28. Kg2 Rxe4 29. fxe4 Ne3+ 30. Bxe3 Bxe3 31. Kf3 Bb6 32. e5 a5 33. h5 a4
34. Kf4 b3 0-1

[Event "AUTO-ADV-1908"]
[Site "http://www.queenalice.com/game.php?id=834812"]
[Date "2010.9.18"]
[Round "1"]
[White "willyanF"]
[Black "prmntgen"]
[Result "1-0"]
[WhiteElo "1867"]
[BlackElo "1721"]

1. d4 d5 2. c4 Nf6 3. Nf3 e6 4. Bg5 Bb4+ 5. Nbd2 Bxd2+ 6. Qxd2 dxc4 7. e4 Nxe4
8. Bxd8 Nxd2 9. Kxd2 Kxd8 10. Bxc4 f6 11. Rhe1 Re8 12. Re3 a6 13. Rae1 b5 14.
Bxe6 Bxe6 15. Rxe6 Rxe6 16. Rxe6 Kd7 17. d5 c6 18. Nd4 cxd5 19. Rb6 Kc7 20. Re6
Kd7 21. Re3 Nc6 22. Nxc6 Kxc6 23. Re7 Rg8 24. Kd3 h5 25. Kd4 a5 26. h4 Kd6 27.
Ra7 a4 28. Ra6+ Kc7 29. a3 Rb8 30. Ra7+ Rb7 31. Rxb7+ Kxb7 32. Kxd5 g5 33. Ke6
Kc6 34. Kxf6 1-0

[Event "AUTO-ADV-1908"]
[Site "http://www.queenalice.com/game.php?id=834813"]
[Date "2010.9.18"]
[Round "1"]
[White "prmntgen"]
[Black "willyanF"]
[Result "1-0"]
[WhiteElo "1707"]
[BlackElo "1873"]

1. d4 d5 2. c4 dxc4 3. Nc3 a6 4. e3 b5 5. Nf3 Nf6 6. Be2 Bb7 7. b3 cxb3 8. Qxb3
e6 9. O-O Bd6 10. Ba3 O-O 11. Bxd6 Qxd6 12. Rad1 b4 13. Nb1 Ng4 14. g3 Bd5 15.
Qc2 Nd7 16. Nbd2 Nb6 17. Ng5 Nf6 18. Bf3 h6 19. Bxd5 Nbxd5 20. Nge4 Nxe4 21.
Nxe4 Qd7 22. Rc1 a5 23. Nc5 Qb5 24. Qa4 Qb6 25. Nd7 Qd6 26. Nxf8 Kxf8 27. Qc2
Nc3 28. Rfe1 Ra6 29. Ra1 Rc6 30. Qh7 f6 31. Qd3 Qd5 32. Qd2 Qf5 33. Rec1 Qf3 34.
Rc2 g5 35. a3 Ne4 36. Qe2 Qxe2 37. Rxe2 b3 38. a4 Rb6 39. Rb2 Rb4 40. Ra3 Nc3
41. Rbxb3 Rxb3 42. Rxb3 Nxa4 43. Ra3 Nb6 44. Rxa5 Ke7 45. Kg2 Kd6 46. Kf3 Nc4
47. Ra8 e5 48. Rh8 exd4 49. exd4 Ke6 50. Rxh6 Nd6 51. Rh7 Nb5 52. Ke3 c6 53. h4
gxh4 54. Rxh4 Nd6 55. Rh1 Kd5 56. g4 Nb5 57. Rd1 Nc3 58. Rd3 Kc4 59. Rxc3+ Kxc3
60. Ke4 Kc4 61. f4 1-0

[Event "AUTO-ADV-1908"]
[Site "http://www.queenalice.com/game.php?id=834824"]
[Date "2010.9.18"]
[Round "1"]
[White "afonso092"]
[Black "prmntgen"]
[Result "1/2-1/2"]
[WhiteElo "1866"]
[BlackElo "1775"]

1. e4 e5 2. Bc4 Nf6 3. d3 d6 4. h3 Be7 5. Nf3 Nc6 6. a3 a6 7. O-O O-O 8. Nc3 Bd7
9. Nd5 Be6 10. Nxe7+ Qxe7 11. Bxe6 Qxe6 12. c3 h6 13. Be3 Rad8 14. Qc2 Rfe8 15.
Rab1 Ne7 16. Nh2 d5 17. exd5 Nexd5 18. Bd2 Nf4 19. Bxf4 exf4 20. Rfe1 Qc6 21.
Rxe8+ Rxe8 22. Qd2 Qd6 23. Re1 Rxe1+ 24. Qxe1 Qxd3 25. Nf3 Qb5 26. Qd2 c6 27.
Nd4 Qe5 28. Ne2 g5 29. Qd4 Qxd4 30. Nxd4 Kg7 31. Nf5+ Kg6 32. Nd6 b5 33. f3 Nd5
34. Kf2 f5 35. Nc8 h5 36. Na7 Ne7 37. Ke2 h4 38. Kf2 Kh5 39. b3 g4 40. fxg4+
fxg4 41. hxg4+ Kxg4 42. c4 bxc4 43. bxc4 c5 44. a4 Ng6 45. Nc6 Kf5 46. Kf3 Ne5+
1/2-1/2

[Event "AUTO-ADV-1908"]
[Site "http://www.queenalice.com/game.php?id=834825"]
[Date "2010.9.18"]
[Round "1"]
[White "prmntgen"]
[Black "afonso092"]
[Result "1-0"]
[WhiteElo "1753"]
[BlackElo "1914"]

1. d4 d5 2. c4 dxc4 3. Nc3 e6 4. e3 Nf6 5. Nf3 Nc6 6. Bxc4 Be7 7. a3 O-O 8. O-O
h6 9. Qd3 a6 10. Ba2 g6 11. b4 Nd5 12. Nxd5 exd5 13. h3 Bf5 14. Qb3 Be6 15. Bb1
Kh7 16. Rd1 f5 17. Nh2 Bd6 18. f4 Ne7 19. Qc3 Ng8 20. Bd2 Nf6 21. Be1 Ne4 22.
Qb2 c6 23. Nf3 g5 24. fxg5 Nxg5 25. Nxg5+ Qxg5 26. Qf2 Kg7 27. Bd2 f4 28. e4
dxe4 29. Bxe4 Bxh3 30. d5 cxd5 31. Bc3+ Be5 32. Rxd5 Rae8 33. Qc5 Kf6 34. Bxe5+
Rxe5 35. Qxf8+ Ke6 36. Qd6+ 1-0

[Event "AUTO-ADV-1908"]
[Site "http://www.queenalice.com/game.php?id=834832"]
[Date "2010.9.18"]
[Round "1"]
[White "prmntgen"]
[Black "MarcosT"]
[Result "0-1"]
[WhiteElo "1780"]
[BlackElo "1646"]

1. d4 Nf6 2. c4 g6 3. Nc3 Bg7 4. e4 d6 5. Nf3 O-O 6. Be2 Nbd7 7. O-O e5 8. d5
Nc5 9. Qc2 a5 10. Be3 c6 11. Bxc5 dxc5 12. Nxe5 cxd5 13. exd5 Re8 14. Nf3 Bf5
15. Bd3 Bxd3 16. Qxd3 Qb6 17. Nb5 a4 18. Rab1 Qd8 19. h3 Nd7 20. Nd6 Re7 21.
Nxb7 Qb8 22. Nxc5 Nxc5 23. Qc2 Rb7 24. b3 axb3 25. axb3 Ra3 26. Nd2 Be5 27. g3
h5 28. Qd1 Bc3 29. Qc2 Bxd2 30. Qxd2 Ne4 31. Qe3 Nd6 32. Qc1 Raxb3 33. Rxb3 Rxb3
34. c5 Ne4 35. Re1 Rxg3+ 36. Kf1 Rxh3 37. Rxe4 Rh1+ 0-1

[Event "AUTO-ADV-1908"]
[Site "http://www.queenalice.com/game.php?id=834833"]
[Date "2010.9.18"]
[Round "1"]
[White "MarcosT"]
[Black "prmntgen"]
[Result "0-1"]
[WhiteElo "1697"]
[BlackElo "1767"]

1. e4 e5 2. Bc4 Nf6 3. d4 exd4 4. Nf3 Nc6 5. O-O d6 6. h3 Be7 7. Re1 O-O 8. Nxd4
Nxd4 9. Qxd4 Re8 10. Nc3 a6 11. a4 Bd7 12. Nd5 Nxd5 13. Qxd5 Be6 14. Qd3 Bxc4
15. Qxc4 Bf6 16. c3 Qd7 17. b4 b5 18. axb5 axb5 19. Qe2 Rxa1 0-1

[Event "AUTO-OPEN-2107"]
[Site "http://www.queenalice.com/game.php?id=835076"]
[Date "2010.9.19"]
[Round "1"]
[White "chaingang"]
[Black "prmntgen"]
[Result "1-0"]
[WhiteElo "1500"]
[BlackElo "1775"]

1. e4 e5 2. Nf3 d6 3. Bc4 Bg4 4. d3 Nf6 5. Be3 Nc6 6. O-O Be7 7. Nbd2 O-O 8. h3
Bxf3 9. Nxf3 Qd7 10. Bg5 a6 11. c3 Rab8 12. Re1 Rfe8 13. d4 exd4 14. cxd4 b5 15.
Bd3 h6 16. Bh4 Nh7 17. Bg3 Bf6 18. e5 Be7 19. Rc1 Nb4 20. Bb1 Ng5 21. h4 Nxf3+
22. Qxf3 dxe5 23. Bxe5 Nd5 24. Be4 Nb4 25. a3 1-0

[Event "AUTO-OPEN-2107"]
[Site "http://www.queenalice.com/game.php?id=835098"]
[Date "2010.9.19"]
[Round "1"]
[White "pacou93"]
[Black "prmntgen"]
[Result "1/2-1/2"]
[WhiteElo "1781"]
[BlackElo "1779"]

1. e4 e5 2. Nf3 d6 3. d4 Bg4 4. Be2 exd4 5. Nxd4 Bxe2 6. Qxe2 Qd7 7. O-O Be7 8.
Nc3 Nf6 9. Nf5 O-O 10. Nxe7+ Qxe7 11. Re1 Nc6 12. Bg5 Qe5 13. Bxf6 Qxf6 14. Nd5
Qd8 15. c3 Re8 16. Qc4 Re5 17. Rad1 Rc8 18. f4 Re8 19. g3 Ne7 20. Kf2 Nxd5 21.
exd5 Rxe1 1/2-1/2

[Event "AUTO-OPEN-2107"]
[Site "http://www.queenalice.com/game.php?id=835099"]
[Date "2010.9.19"]
[Round "1"]
[White "prmntgen"]
[Black "pacou93"]
[Result "1/2-1/2"]
[WhiteElo "1779"]
[BlackElo "1781"]

1. d4 Nf6 2. c4 g6 3. Nc3 Bg7 4. e4 d6 5. Nf3 O-O 6. Be2 e5 7. d5 Nbd7 8. O-O
Nc5 9. Qc2 a5 10. b3 Bd7 11. Be3 c6 12. Rad1 Bg4 13. h3 Bd7 14. Nh2 Qc8 15. Bxc5
dxc5 16. dxc6 Bxc6 17. Nd5 Bxd5 18. cxd5 b6 19. Ng4 Nxg4 20. Bxg4 Qd8 21. Rd3
Qd6 22. Rfd1 Rad8 1/2-1/2

[Event "AUTO-OPEN-2107"]
[Site "http://www.queenalice.com/game.php?id=835112"]
[Date "2010.9.19"]
[Round "1"]
[White "prmntgen"]
[Black "Duendemalefyco"]
[Result "0-1"]
[WhiteElo "1779"]
[BlackElo "1240"]

1. d4 c6 2. c4 d5 3. e3 Nf6 4. Nf3 Bg4 5. Nbd2 e6 6. cxd5 exd5 7. Be2 Bd6 8. Ng5
Bxe2 9. Qxe2 O-O 10. O-O h6 11. Ngf3 Re8 12. h3 Nbd7 13. a3 Ne4 14. Qd3 f5 15.
b4 Ndf6 16. Nxe4 fxe4 17. Qe2 exf3 18. Qxf3 Ne4 19. Qg4 Qg5 20. Qxg5 Nxg5 21.
Re1 a5 22. Bd2 axb4 23. axb4 Ne4 24. Rxa8 Rxa8 25. Rd1 Nxd2 0-1

[Event "AUTO-OPEN-2107"]
[Site "http://www.queenalice.com/game.php?id=835113"]
[Date "2010.9.19"]
[Round "1"]
[White "Duendemalefyco"]
[Black "prmntgen"]
[Result "1-0"]
[WhiteElo "1240"]
[BlackElo "1734"]

1. e4 e5 2. Nf3 d6 3. d4 exd4 4. Nxd4 Be7 5. Nc3 Nf6 6. Be2 Bd7 7. O-O O-O 8. f4
Nc6 9. Bf3 Nxd4 10. Qxd4 Bc6 11. Kh1 Qd7 12. h3 a6 13. Bd2 Rab8 14. Rad1 Rfd8
15. Bc1 b5 16. g4 Nh5 17. Kh2 Nf6 18. g5 Nxe4 19. Nxe4 Bxe4 20. Qxe4 Re8 21. Bg4
Qd8 22. Qg2 c5 23. Qd5 Qb6 24. f5 Qb7 25. f6 Bf8 26. Qxb7 Rxb7 27. Rfe1 Rxe1 28.
Rxe1 Rb8 29. Bf3 Rd8 30. Bd5 gxf6 31. gxf6 h6 32. h4 Rb8 33. Rg1+ Kh8 34. Bxf7
c4 35. Bg8 Re8 36. Bf7 Re2+ 37. Kh3 Rxc2 38. Bd5 Rf2 39. Rg8+ 1-0

[Event "mostactive2"]
[Site "http://www.queenalice.com/game.php?id=841143"]
[Date "2010.10.3"]
[Round "5"]
[White "Artking"]
[Black "prmntgen"]
[Result "1-0"]
[WhiteElo "1887"]
[BlackElo "1779"]

1. d4 d5 2. c4 b6 3. cxd5 Qxd5 4. Nc3 Qb7 5. e4 Nf6 6. Bd3 e6 7. f4 Bb4 8. Qe2
O-O 9. Nf3 c5 10. a3 cxd4 11. axb4 dxc3 12. bxc3 a5 13. e5 Nd5 14. Bxh7+ Kxh7
15. Ng5+ Kg8 16. Qh5 Rd8 17. bxa5 Kf8 18. Ba3+ Ke8 19. Qh8+ Kd7 20. Qxg7 Kc6 21.
c4 Nxf4 22. Qh7 Nxg2+ 23. Kf2 Rd2+ 24. Kg3 Qc7 25. Qe4+ Kd7 26. Rhd1 Rxd1 27.
Rxd1+ Ke8 28. Rd6 Rxa5 29. Bb4 Bb7 30. Qh7 1-0

[Event "Let's Play Chess!"]
[Site "http://www.queenalice.com/game.php?id=844775"]
[Date "2010.10.12"]
[Round "-"]
[White "miltonlovisk"]
[Black "prmntgen"]
[Result "1-0"]
[WhiteElo "1820"]
[BlackElo "1734"]

1. e4 Nc6 2. d4 e5 3. d5 Nce7 4. Nf3 Nf6 5. Bd3 d6 6. Bg5 Ng6 7. h3 Be7 8. Bxf6
Bxf6 9. g3 a6 10. Nc3 b5 11. b4 Bd7 12. a4 Rb8 13. axb5 axb5 14. Qe2 O-O 15.
Bxb5 Bxb5 16. Nxb5 Qd7 17. c4 Ra8 18. Rb1 Rfb8 19. h4 Ne7 20. Nh2 c6 21. Nc3
cxd5 22. exd5 Nc8 23. Ng4 Be7 24. O-O Nb6 25. f3 Na4 26. Nxa4 Rxa4 27. b5 Qc8
28. Rfc1 Qc5+ 29. Kg2 Rb4 30. Rxb4 Qxb4 31. f4 Qa3 32. Rf1 f5 33. Ne3 exf4 34.
Rxf4 g6 35. Nxf5 1-0

[Event "Let's Play Chess!"]
[Site "http://www.queenalice.com/game.php?id=846562"]
[Date "2010.10.16"]
[Round "-"]
[White "aquatico"]
[Black "prmntgen"]
[Result "1-0"]
[WhiteElo "1539"]
[BlackElo "1759"]

1. e4 e5 2. Nf3 Nc6 3. d4 exd4 4. c3 dxc3 5. Nxc3 Bb4 6. Bc4 Nf6 7. O-O Bxc3 8.
bxc3 d6 9. Bg5 O-O 10. Bd5 Ne5 11. Nxe5 dxe5 12. Bxf6 Qxf6 13. Rb1 c6 14. Bc4
Qg6 15. Qe2 Bh3 16. f4 b5 17. f5 Qg5 18. Bb3 Bg4 19. Qf2 a5 20. Qg3 a4 21. Bd1
h5 22. h3 f6 23. hxg4 hxg4 24. Qxg4 Qxg4 25. Bxg4 Rfd8 26. Rbc1 Rd2 27. Rf2 Rad8
28. Rc2 Rxc2 29. Rxc2 Kf8 30. Kf2 Ke7 31. Ke3 Rd1 32. Bxd1 1-0

[Event "AUTO-ADV-1719"]
[Site "http://www.queenalice.com/game.php?id=855369"]
[Date "2010.11.6"]
[Round "2"]
[White "prmntgen"]
[Black "robledo"]
[Result "0-1"]
[WhiteElo "1726"]
[BlackElo "2329"]

1. d4 Nf6 2. c4 e6 3. Nc3 Bb4 4. Bd2 O-O 5. Nf3 b6 6. e3 Bb7 7. Be2 Bxc3 8. Bxc3
Ne4 9. Qc2 d6 10. O-O Nxc3 11. Qxc3 Nd7 12. Qd3 Qe7 13. e4 a5 14. Rfe1 e5 15.
dxe5 dxe5 16. a3 Nc5 17. Qc2 Bxe4 18. Qc3 Rfe8 19. Bd1 f5 20. Bc2 Bxf3 21. Qxf3
g6 22. Kf1 Qh4 23. Qd5+ Kg7 24. h3 Rad8 0-1

[Event "AUTO-ADV-1719"]
[Site "http://www.queenalice.com/game.php?id=855370"]
[Date "2010.11.6"]
[Round "2"]
[White "robledo"]
[Black "prmntgen"]
[Result "1-0"]
[WhiteElo "2328"]
[BlackElo "1728"]

1. e4 e5 2. f4 exf4 3. Nf3 Nc6 4. d4 d5 5. exd5 Qxd5 6. Bxf4 Qe4+ 7. Qe2 Qxe2+
8. Bxe2 Bd6 9. Bxd6 cxd6 10. Nc3 Bf5 11. d5 Nb4 12. O-O-O Nf6 13. a3 Nxc2 14.
Bd3 Bxd3 15. Rxd3 Nxa3 16. bxa3 a6 17. Nd4 O-O 18. Rf1 Rac8 19. Kb2 Rfe8 20. Nf5
Rcd8 21. Nxg7 Kxg7 22. Rg3+ 1-0

[Event "AUTO-ADV-1719"]
[Site "http://www.queenalice.com/game.php?id=855371"]
[Date "2010.11.6"]
[Round "2"]
[White "prmntgen"]
[Black "myCARtoM"]
[Result "0-1"]
[WhiteElo "1709"]
[BlackElo "2286"]

1. d4 g6 2. c4 Bg7 3. Nf3 d6 4. Nc3 Nf6 5. e4 O-O 6. Bg5 c5 7. Bxf6 Bxf6 8. e5
cxd4 9. exf6 dxc3 10. bxc3 e5 11. Be2 Na6 12. O-O Qxf6 13. Rb1 Nc5 14. Qc2 Bf5
15. Qd1 Bxb1 16. Qxb1 Rae8 0-1

[Event "AUTO-ADV-1719"]
[Site "http://www.queenalice.com/game.php?id=855372"]
[Date "2010.11.6"]
[Round "2"]
[White "myCARtoM"]
[Black "prmntgen"]
[Result "1-0"]
[WhiteElo "2285"]
[BlackElo "1711"]

1. Nf3 d5 2. d4 e6 3. e3 c5 4. c4 Nf6 5. Nc3 Nc6 6. Bd3 dxc4 7. Bxc4 cxd4 8.
exd4 Bb4 9. O-O O-O 10. a3 Bxc3 11. bxc3 a6 12. a4 Na5 13. Bd3 Bd7 14. Ne5 Nc6
15. Bg5 Bc8 16. Ng4 1-0

[Event "US Most Active"]
[Site "http://www.queenalice.com/game.php?id=871187"]
[Date "2010.12.13"]
[Round "1"]
[White "prmntgen"]
[Black "jartuga99"]
[Result "0-1"]
[WhiteElo "1730"]
[BlackElo "2078"]

1. d4 d5 2. c4 Nf6 3. e3 g6 4. Nc3 Bg7 5. Nf3 O-O 6. cxd5 Nxd5 7. Nxd5 Qxd5 8.
Qc2 Nc6 9. Qc4 Qh5 10. b4 Be6 11. Qc5 Bd5 12. Be2 b6 13. Qc3 Qg4 14. O-O e5 15.
h3 Qe6 16. b5 exd4 17. exd4 Bxf3 18. Bxf3 Nxd4 0-1

[Event "US Most Active"]
[Site "http://www.queenalice.com/game.php?id=877030"]
[Date "2010.12.26"]
[Round "2"]
[White "Kingfish"]
[Black "prmntgen"]
[Result "1/2-1/2"]
[WhiteElo "1814"]
[BlackElo "1724"]

1. e4 b6 2. d3 Bb7 3. Nc3 e5 4. a3 Nf6 5. Bg5 Be7 6. Nf3 d6 7. g3 Nbd7 8. Bg2 h6
9. Be3 O-O 10. Qd2 Nh7 11. O-O-O c5 12. h4 Ndf6 13. Bh3 Bc8 14. Bf5 Bxf5 15.
exf5 Ng4 16. Nd5 Nhf6 17. Nxf6+ Bxf6 18. h5 d5 19. Qe2 Nxe3 20. fxe3 Re8 21. g4
a5 22. Rdg1 Bg5 23. Kb1 b5 24. e4 d4 25. Qh2 Bf4 26. Qh4 Qxh4 27. Nxh4 c4 28.
Ng2 Bg5 29. Rh3 1/2-1/2

[Event "US Most Active"]
[Site "http://www.queenalice.com/game.php?id=882673"]
[Date "2011.1.7"]
[Round "3"]
[White "carloscolangelo"]
[Black "prmntgen"]
[Result "0-1"]
[WhiteElo "1481"]
[BlackElo "1728"]

1. e4 e5 2. Nf3 Nc6 3. Bc4 Bc5 4. d3 a6 5. Ng5 Nh6 6. Qf3 O-O 7. a3 Nd4 8. Qd1
Qf6 9. O-O d6 10. h3 b5 11. Bd5 Rb8 12. c3 Ne6 13. Nxe6 Bxe6 14. Bxh6 Qxh6 15.
b4 Bxd5 16. exd5 Bb6 17. c4 bxc4 18. dxc4 Bd4 19. Nd2 Bxa1 20. Qxa1 Qxd2 21. Rd1
Qf4 22. a4 Qxc4 23. b5 axb5 24. axb5 Qxb5 25. Qa7 Rfc8 26. Re1 Qxd5 27. Re3 c5
28. Rg3 c4 29. Qe3 Rb3 30. Qg5 Rxg3 31. Qxg3 c3 32. Qe3 c2 33. Qc1 Qd1+ 34. Qxd1
cxd1=Q+ 35. Kh2 Rc2 36. f3 Qe2 37. Kg3 Qxg2+ 38. Kh4 Rc4+ 39. Kh5 Qg6# 0-1

[Event "US Most Active"]
[Site "http://www.queenalice.com/game.php?id=888566"]
[Date "2011.1.20"]
[Round "4"]
[White "phystutordotcom"]
[Black "prmntgen"]
[Result "1-0"]
[WhiteElo "2127"]
[BlackElo "1734"]

1. Nf3 Nf6 2. d3 Nc6 3. e4 e5 4. g3 Bc5 5. Bg2 Nd4 6. Nxd4 Bxd4 7. O-O O-O 8.
Nd2 d5 9. c3 Bb6 10. exd5 Nxd5 11. Nc4 Re8 12. Re1 c6 13. Nxe5 Qf6 14. d4 Bc7
15. f4 Bb6 16. Nxc6 Bd7 17. Ne5 Bc6 18. Bd2 Ne7 19. Nxc6 bxc6 20. Kh1 Rad8 21.
Qc2 c5 22. dxc5 Bxc5 23. Be3 Bb6 24. Bxb6 axb6 25. Re2 Nf5 26. Rae1 Rxe2 27.
Rxe2 Qd6 28. Be4 Qd1+ 29. Qxd1 Rxd1+ 30. Kg2 Nd6 31. Bf3 g6 32. b3 1-0